| 000 | 00684nam a22002172 4500 | ||
|---|---|---|---|
| 001 | 0000024484 | ||
| 005 | 20151217152303.0 | ||
| 008 | 131218s xx 000 0 eng d | ||
| 020 | _a0199641475 : | ||
| 040 |
_aKABU _cKABU |
||
| 100 | 1 |
_aWeeramantry, J. Romesh. _@0000184666 |
|
| 245 | 1 | 0 |
_aTreaty interpretation in investment arbitration / _cJ. Romesh Weeramantry. |
| 250 | _a1st ed. | ||
| 260 |
_aOxford : _bO. U. P., _c2012. |
||
| 300 | _axlix, 262 p. | ||
| 650 | 0 |
_aArbitration and award, International. _@0000158689 |
|
| 650 | 0 |
_aCommercial treaties. _@0000184667 |
|
| 852 | 1 | _9p17550 KES | |
| 908 | _a131218 | ||
| 950 | _@1 | ||
| 999 |
_c10302 _d10302 |
||